000 01088nam a2200289Ia 4500
003 OSt
005 20221005105449.0
006 a|||||r|||| 00| 0
007 ta
008 221004b |||||||| |||| 00| 0 hin d
020 _a9788126319336 (pbk)
_cINR 180.00
024 _a36604
037 _bBW/1686, 15/03/2018, Bookwell
_cTextual
040 _aCRL
_cCRL
_bhin
041 _2hin
_ahin
082 _aO152,3N40,DS, Q1;Q5
100 _aकालिया, ममता, ले.
245 0 _aदुक्खम सुक्खम
246 _aDukkham sukkhama
260 _aनई दिल्ली
_bभारतीय ज्ञानपीठ भारत
_c2015
300 _a274पृ0
_ccm.
490 _aलोकोदय ग्रन्थमाला; ग्रन्थांक 1112
650 _a हिन्दी साहित्य
650 _aहिन्दी कहानी
942 _hO152,3N40,DS, Q1;Q5
_cTEXL
_2cc
999 _c1015912
_d1015912